Detalles MARC
| 000 -LEADER |
| fixed length control field |
03723nam a2200529Ii 4500 |
| 001 - CONTROL NUMBER |
| control field |
DIGVELQZ0047 |
| 003 - CONTROL NUMBER IDENTIFIER |
| control field |
NyNyDIG |
| 008 - FIXED-LENGTH DATA ELEMENTS--GENERAL INFORMATION |
| fixed length control field |
161227s2015 sp ab ob 000 0dfre d |
| 006 - FIXED-LENGTH DATA ELEMENTS--ADDITIONAL MATERIAL CHARACTERISTICS |
| fixed length control field |
m o d |
| 007 - PHYSICAL DESCRIPTION FIXED FIELD--GENERAL INFORMATION |
| fixed length control field |
cr ||||||||||| |
| 035 ## - SYSTEM CONTROL NUMBER |
| System control number |
(OCoLC)967314263 |
| 040 ## - CATALOGING SOURCE |
| Original cataloging agency |
DGITA |
| Language of cataloging |
eng |
| Description conventions |
rda |
| -- |
pn |
| Transcribing agency |
DGITA |
| 020 ## - INTERNATIONAL STANDARD BOOK NUMBER |
| International Standard Book Number |
9788490960073 |
| Qualifying information |
(eBook) |
| 020 ## - INTERNATIONAL STANDARD BOOK NUMBER |
| International Standard Book Number |
8490960070 |
| Qualifying information |
(eBook) |
| 020 ## - INTERNATIONAL STANDARD BOOK NUMBER |
| International Standard Book Number |
9788490960080 |
| Qualifying information |
(eBook) |
| 020 ## - INTERNATIONAL STANDARD BOOK NUMBER |
| International Standard Book Number |
8490960089 |
| Qualifying information |
(eBook) |
| 020 ## - INTERNATIONAL STANDARD BOOK NUMBER |
| Canceled/invalid ISBN |
9788490960066 |
| 020 ## - INTERNATIONAL STANDARD BOOK NUMBER |
| Canceled/invalid ISBN |
8490960062 |
| 041 0# - LANGUAGE CODE |
| Language code of text/sound track or separate title |
fre |
| -- |
spa |
| 043 ## - GEOGRAPHIC AREA CODE |
| Geographic area code |
e-sp--- |
| -- |
n------ |
| -- |
s------ |
| -- |
nc----- |
| -- |
a-ph--- |
| 050 14 - LIBRARY OF CONGRESS CALL NUMBER |
| Classification number |
JV4060 ebook |
| 082 04 - DEWEY DECIMAL CLASSIFICATION NUMBER |
| Classification number |
325.310946 |
| 245 02 - TITLE STATEMENT |
| Title |
L'État dans ses colonies : |
| Remainder of title |
les administrateurs de l'empire espagnol au XIXe siècle / |
| Statement of responsibility, etc. |
édité par Jean-Philippe Luis. |
| 246 30 - VARYING FORM OF TITLE |
| Title proper/short title |
Administrateurs de l'empire espagnol au XIXe siècle |
| 264 #1 - PRODUCTION, PUBLICATION, DISTRIBUTION, MANUFACTURE, AND COPYRIGHT NOTICE |
| Place of production, publication, distribution, manufacture |
Madrid : |
| Name of producer, publisher, distributor, manufacturer |
Casa de Velázquez, |
| Date of production, publication, distribution, manufacture, or copyright notice |
2015. |
| 300 ## - PHYSICAL DESCRIPTION |
| Extent |
1 online resource : |
| Other physical details |
illustrations (some color), maps (some color) |
| 336 ## - CONTENT TYPE |
| Content type term |
text |
| Content type code |
txt |
| Source |
rdacontent |
| 337 ## - MEDIA TYPE |
| Media type term |
computer |
| Media type code |
c |
| Source |
rdamedia |
| 338 ## - CARRIER TYPE |
| Carrier type term |
online resource |
| Carrier type code |
cr |
| Source |
rdacarrier |
| 490 1# - SERIES STATEMENT |
| Series statement |
Collection de la Casa de Velázquez, |
| International Standard Serial Number |
1132-7340 ; |
| Volume/sequential designation |
volume 148 |
| 504 ## - BIBLIOGRAPHY, ETC. NOTE |
| Bibliography, etc. note |
Includes bibliographical references. |
| 505 0# - FORMATTED CONTENTS NOTE |
| Formatted contents note |
Introduction : d'un Empire à une autre Empire / Jean-Philippe Luis -- Les structures administratives impériales / Jean-Philippe Luis -- Les administrateurs comme agents de la catégorisation des sociétés coloniales : pratiques et usages des recensements de population / Mathieu Aguilera -- La construction d'une catégorie sociale au XIXe siècle / Jean-Philippe Luis -- Aproximación cuantitativa al estudio de la administración pública de Ultramar en el siglo XIX / Jean-Philippe Luis -- La elite político-administrativa del Ministerio de Ultramar : los subsecretarios (1863-1899) / Inés Roldán de Montaud -- Les capitaines dans la tempête : essai d'êtude prosopographique sur les capitaines gênêraux de Cuba au XIXe siècle / Dominique Goncalvès -- La carrera de un alto funcionario moderado en Cuba : Vicente Vázquez Queipo (1804-1893) / Inés Roldán de Montaud -- Los gobernadores de Fernando Póo / Gonzalo Alvarez Chillida -- La administración imperial en tiempos de crisis : la Real Contaduría general de ejército y Hacienda de las islas Filipinas (1810-1832) / Gonzalo Butrón Prida -- Les magistrats d'outre-mer (1820-1898) / Jean-Phiilippe Luis -- Las circulaciones profesionales en el seno del Imperio : el caso de los magistrados (1875-1898) / Álvaro Chaparro Sainz, Jean-Philippe Luis -- Les employés : une horde prédatrice? / Jean-Philippe Luis -- Contrepoint. Existe-t-il un modèle ibérique? : les fonctionnaires de l'Empire portuguais au XIXe siècle / Luis Cabral de Oliveira, Ernestine Carreira -- Conclusions : mutations impériales / Jean-Philippe Luis. |
| 546 ## - LANGUAGE NOTE |
| Language note |
Text in French or Spanish. |
| 588 0# - SOURCE OF DESCRIPTION NOTE |
| Source of description note |
Online resource; title from PDF title page (Digitalia, viewed December 27, 2016) |
| 651 #0 - SUBJECT ADDED ENTRY--GEOGRAPHIC NAME |
| Geographic name |
Spain |
| General subdivision |
Colonies |
| -- |
Administration |
| -- |
History |
| Chronological subdivision |
19th century. |
| 650 #0 - SUBJECT ADDED ENTRY--TOPICAL TERM |
| Topical term or geographic name entry element |
Colonial administrators |
| Geographic subdivision |
Spain |
| General subdivision |
History |
| Chronological subdivision |
19th century. |
| 651 #0 - SUBJECT ADDED ENTRY--GEOGRAPHIC NAME |
| Geographic name |
Latin America |
| General subdivision |
Politics and government |
| Chronological subdivision |
19th century. |
| 655 #0 - INDEX TERM--GENRE/FORM |
| Genre/form data or focus term |
Electronic books. |
| 700 1# - ADDED ENTRY--PERSONAL NAME |
| Personal name |
Luis, Jean-Philippe, |
| Relator term |
editor. |
| 791 2# - |
| -- |
Digitalia (Firm), |
| -- |
distributor. |
| 793 0# - |
| -- |
Digitalia eBook Collection: |
| -- |
Casa de Velázquez |
| 776 08 - ADDITIONAL PHYSICAL FORM ENTRY |
| Relationship information |
Print version: |
| Title |
État dans ses colonies. |
| Place, publisher, and date of publication |
Madrid : Casa de Velázquez, 2015 |
| International Standard Book Number |
9788490960066 |
| Record control number |
(OCoLC)930151030 |
| 830 #0 - SERIES ADDED ENTRY--UNIFORM TITLE |
| Uniform title |
Collection de la Casa de Velázquez ; |
| Volume/sequential designation |
148. |
| 856 40 - ELECTRONIC LOCATION AND ACCESS |
| Materials specified |
Digitalia Hispánica |
| Uniform Resource Identifier |
<a href="https://www.digitaliapublishing.com/a/38101/">https://www.digitaliapublishing.com/a/38101/</a> |
| 910 ## - USER-OPTION DATA (OCLC) |
| User-option data |
Premium collection: 2017 |
| 942 ## - ADDED ENTRY ELEMENTS (KOHA) |
| Koha item type |
Recurso Electrónico |